Geografía de América por letra - L - Estadísticas

Estadísticas generales
  • Esta prueba ha sido intentada 201 veces
  • La puntuación promedio es 7 de 18
Estadísticas de respuestas
Pista Respuesta % Correcto
Capital de Perú Lima
100%
Segunda ciudad más poblada de EE. UU. Los Ángeles
82%
Capital más alta del mundo La Paz
81%
Haití y la República Dominicana La Española
70%
Estado de Nueva Orleans Luisiana
70%
Isla más grande de Nueva York Long Island
45%
Ciudad más poblada de Guanajuato León
35%
Provincia argentina que, similar al lugar de donde toma su nombre, es importante para la producción de vid La Rioja
33%
Forma una provincia canadiense con Terranova Labrador
28%
Ciudad de Texas con un "Nuevo" en México Laredo
25%
Ciudad alguna vez llamada Ciudad Eva Perón La Plata
24%
Ciudad amazónica de Colombia Leticia
20%
Península compartida entre Colombia y Venezuela La Guajira
18%
Departamento amazónico de Perú Loreto
14%
Una región en la cuenca del Orinoco con ganadería y agricultura Llanos
13%
Ciudad o provincia del sur de Ecuador Loja
11%
Parque Nacional cerca de El Calafate Los Glaciares
9%
Entre el norte de Chile y Argentina considerado el segundo volcán activo más alto del mundo Llullaillaco
4%
No se encontraron pruebas coincidentes
Distribución de puntuación
Porcentaje de gente con cada puntuación
Porcentaje por número respondido
Historial de tus puntuaciones
No has intentado esta prueba.